[Event "Nizhnij Novgorod Region-ch"]
[Site "Nizhnij Novgorod"]
[Date "2012.10.07"]
[Round "?"]
[White "Kalinin, Aleksey"]
[Black "Konyshev, Artem N"]
[Result "1-0"]
[WhiteElo "1985"]
[BlackElo "1761"]
[PlyCount "51"]
[EventDate "2012.10.06"]
[EventType "swiss"]
[EventRounds "9"]
[EventCountry "RUS"]
[SourceTitle "EXT 2022"]
[Source "ChessBase"]
[SourceDate "2021.10.06"]
[SourceVersion "1"]
[SourceVersionDate "2021.10.06"]
[SourceQuality "1"]

1. d4 f5 2. c4 Nf6 3. g3 e6 4. Bg2 c5 5. Nf3 cxd4 6. 0-0 Be7 7. Nxd4 0-0 8. Nc3 Na6 9. Ndb5 d6 10. Be3 Nc5 11. Nxa7 Rxa7 12. b4 b6 13. bxc5 bxc5 14. Nb5 Rd7 15. Bc6 Bb7 16. Bxd7 Qxd7 17. f3 d5 18. a4 d4 19. Bf4 Qc6 20. Qb3 Ng4 21. Na7 Qa6 22. Rab1 Ba8 23. fxg4 Qxa7 24. Qb6 Qd7 25. Qc7 Qxc7 26. Bxc7 1-0

[Event "Nizhnij Novgorod Juniors"]
[Site "Nizhnij Novgorod"]
[Date "2012.08.??"]
[Round "?"]
[White "Sukhinin, Anatoly"]
[Black "Kalinin, Aleksey"]
[Result "1-0"]
[WhiteElo "2065"]
[BlackElo "1942"]
[PlyCount "107"]
[EventDate "2012.08.22"]
[EventType "swiss"]
[EventRounds "9"]
[EventCountry "RUS"]
[SourceTitle "EXT 2023"]
[Source "ChessBase"]
[SourceDate "2022.10.05"]
[SourceVersion "1"]
[SourceVersionDate "2022.10.05"]
[SourceQuality "1"]

1. c4 c5 2. Nc3 Nf6 3. Nf3 b6 4. d4 cxd4 5. Nxd4 Bb7 6. f3 e6 7. e4 d6 8. Be2 Be7 9. 0-0 a6 10. Be3 Nbd7 11. Qd2 0-0 12. Rfd1 Qc7 13. Rac1 Rac8 14. b4 Qb8 15. Nb3 Ba8 16. Qd4 Ne5 17. b5 Nfd7 18. bxa6 Nc5 19. Nxc5 dxc5 20. Qd2 Qa7 21. Qb2 Qxa6 22. Nd5 exd5 23. cxd5 Qa7 24. Qxe5 Bf6 25. Qg3 Qxa2 26. Bc4 Qb2 27. d6 Bc6 28. f4 Bxe4 29. d7 Ra8 30. Bd5 Bxd5 31. Rxd5 Bd4 32. Re1 Rfd8 33. Bxd4 cxd4 34. Rd1 Ra1 35. Qe1 Rxd1 36. Qxd1 Qc3 37. Rxd4 Qe3+ 38. Kh1 Kf8 39. h3 b5 40. f5 f6 41. Rd6 Qe5 42. Rd5 Qe7 43. h4 Qe4 44. Rxb5 Qxh4+ 45. Kg1 Qe4 46. Rd5 Ke7 47. Qd2 Qb1+ 48. Kh2 Qe4 49. Kh3 g6 50. Kh2 gxf5 51. Rd3 f4 52. Rd4 Qe6 53. Qxf4 Rxd7 54. Re4 1-0

[Event "Nizhnij Novgorod Dubinin Memorial 19th"]
[Site "Nizhnij Novgorod"]
[Date "2012.01.??"]
[Round "8"]
[White "Belitzky, Dmitri G"]
[Black "Kalinin, Aleksey"]
[Result "1-0"]
[WhiteElo "1998"]
[BlackElo "1917"]
[PlyCount "39"]
[EventDate "2012.01.??"]
[EventType "swiss"]
[EventRounds "9"]
[EventCountry "RUS"]
[SourceTitle "EXT 2015"]
[Source "ChessBase"]
[SourceDate "2014.11.20"]
[SourceVersion "1"]
[SourceVersionDate "2014.11.20"]
[SourceQuality "1"]

1. e4 g6 2. d4 Bg7 3. Nf3 c6 4. c4 d6 5. h3 Nd7 6. Nc3 Qc7 7. Be2 Ngf6 8. 0-0 0-0 9. Bf4 e5 10. Bh2 Re8 11. c5 exd4 12. Bxd6 Qa5 13. Nxd4 Nxe4 14. Nxe4 Rxe4 15. Nb3 Qa4 16. Bd3 Re8 17. f4 Bxb2 18. Rb1 Bg7 19. f5 Nf6 20. Rf4 1-0

[Event "Nizhnij Novgorod Dubinin Memorial 19th"]
[Site "Nizhnij Novgorod"]
[Date "2012.01.??"]
[Round "4"]
[White "Gorozhanin, Mikhail"]
[Black "Kalinin, Aleksey"]
[Result "0-1"]
[WhiteElo "2252"]
[BlackElo "1917"]
[PlyCount "40"]
[EventDate "2012.01.??"]
[EventType "swiss"]
[EventRounds "9"]
[EventCountry "RUS"]
[SourceTitle "EXT 2015"]
[Source "ChessBase"]
[SourceDate "2014.11.20"]
[SourceVersion "1"]
[SourceVersionDate "2014.11.20"]
[SourceQuality "1"]

1. d4 d5 2. c4 c6 3. Nc3 Nf6 4. e3 e6 5. Nf3 Nbd7 6. Qc2 Bd6 7. Bd3 dxc4 8. Bxc4 b5 9. Bd3 Bb7 10. 0-0 0-0 11. e4 e5 12. Rd1 exd4 13. Nxd4 Qc7 14. g3 Bc5 15. Bf1 Ne5 16. Bg2 Rad8 17. Nb3 Bb6 18. h3 b4 19. Na4 Rxd1+ 20. Qxd1 Rd8 0-1

[Event "Nizhnij Novgorod Juniors"]
[Site "Nizhnij Novgorod"]
[Date "2011.08.22"]
[Round "?"]
[White "Goltsev, Dmitry"]
[Black "Kalinin, Aleksey"]
[Result "0-1"]
[WhiteElo "1846"]
[BlackElo "1922"]
[PlyCount "90"]
[EventDate "2011.08.22"]
[EventType "swiss"]
[EventRounds "9"]
[EventCountry "RUS"]
[SourceTitle "EXT 2022"]
[Source "ChessBase"]
[SourceDate "2021.10.06"]
[SourceVersion "1"]
[SourceVersionDate "2021.10.06"]
[SourceQuality "1"]

1. e4 Nc6 2. Nf3 Nf6 3. Nc3 d5 4. e5 Ne4 5. d4 Bg4 6. Be2 Nxc3 7. bxc3 e6 8. Bg5 Be7 9. Bxe7 Qxe7 10. Qd3 Qa3 11. 0-0 0-0 12. Rfb1 Na5 13. h3 Bf5 14. Qd2 c5 15. Nh4 Bg6 16. Nxg6 hxg6 17. Bd3 Rac8 18. h4 Rc7 19. g4 cxd4 20. cxd4 Qc3 21. Qxc3 Rxc3 22. f4 b6 23. Kf2 Rfc8 24. Ke3 Nc4+ 25. Ke2 Na3 26. Rc1 b5 27. Kd2 b4 28. f5 gxf5 29. gxf5 exf5 30. Bxf5 R8c4 31. e6 Rxd4+ 32. Ke2 fxe6 33. Bxe6+ Kf8 34. Bf5 Rxh4 35. Rh1 g5 36. Rxh4 gxh4 37. Rh1 Rc4 38. Kd3 Nb5 39. Be6 Rd4+ 40. Ke3 Re4+ 41. Kd3 Rxe6 42. Rxh4 Kg7 43. Rxb4 a6 44. c4 dxc4+ 45. Kxc4 Kf7 0-1

[Event "Nizhnij Novgorod Juniors"]
[Site "Nizhnij Novgorod"]
[Date "2011.08.22"]
[Round "?"]
[White "Kalinin, Aleksey"]
[Black "Skvortsov, Andrei"]
[Result "0-1"]
[WhiteElo "1922"]
[BlackElo "1958"]
[PlyCount "88"]
[EventDate "2011.08.22"]
[EventType "swiss"]
[EventRounds "9"]
[EventCountry "RUS"]
[SourceTitle "EXT 2022"]
[Source "ChessBase"]
[SourceDate "2021.10.06"]
[SourceVersion "1"]
[SourceVersionDate "2021.10.06"]
[SourceQuality "1"]

1. d4 Nf6 2. Bf4 d5 3. e3 c6 4. Nf3 Bg4 5. Nbd2 e6 6. Bd3 Bd6 7. Bg5 h6 8. Bh4 Nbd7 9. h3 Bf5 10. Bxf6 Nxf6 11. 0-0 0-0 12. Ne5 Bxd3 13. Nxd3 Ne4 14. Nf3 Bc7 15. Rc1 Rc8 16. c4 Bb8 17. b4 Qd6 18. c5 Qc7 19. a4 Ng5 20. Nde5 f6 21. Nxg5 hxg5 22. Ng4 Qf7 23. f4 Qg6 24. f5 exf5 25. Qd3 Rce8 26. Rxf5 Re4 27. Rcf1 Bf4 28. Rxf6 Bxe3+ 29. Qxe3 gxf6 30. Qd3 Kg7 31. b5 Rf4 32. Qb3 Rxf1+ 33. Kxf1 Qf5+ 34. Kg1 Re8 35. Qg3 Re7 36. bxc6 bxc6 37. h4 Qf4 38. Qxf4 gxf4 39. h5 Re2 40. h6+ Kg6 41. h7 Kxh7 42. Nxf6+ Kg6 43. Nd7 Kf5 44. Nb8 Re6 0-1

[Event "Nizhnij Novgorod Juniors"]
[Site "Nizhnij Novgorod"]
[Date "2011.08.22"]
[Round "?"]
[White "Varseev, Dmitry"]
[Black "Kalinin, Aleksey"]
[Result "0-1"]
[WhiteElo "1713"]
[BlackElo "1922"]
[PlyCount "48"]
[EventDate "2011.08.22"]
[EventType "swiss"]
[EventRounds "9"]
[EventCountry "RUS"]
[SourceTitle "EXT 2022"]
[Source "ChessBase"]
[SourceDate "2021.10.06"]
[SourceVersion "1"]
[SourceVersionDate "2021.10.06"]
[SourceQuality "1"]

1. e4 g6 2. d4 c6 3. Nc3 Bg7 4. Nf3 d6 5. h3 b5 6. a3 Bb7 7. Bd3 Qc7 8. Bf4 Nd7 9. 0-0 e5 10. dxe5 dxe5 11. Bh2 Ngf6 12. Qe2 0-0 13. b4 a6 14. Qe3 Rfe8 15. Ne2 c5 16. Ng3 c4 17. Be2 Qb6 18. Qxb6 Nxb6 19. Nd2 Bh6 20. Nf3 Nxe4 21. Nxe4 Bxe4 22. c3 Bxf3 23. Bxf3 e4 24. Be2 Nd5 0-1

[Event "Nizhnij Novgorod Cup of Nadezhda"]
[Site "Nizhnij Novgorod"]
[Date "2011.08.08"]
[Round "?"]
[White "Kalinin, Aleksey"]
[Black "Pavlov, Boris S"]
[Result "1/2-1/2"]
[WhiteElo "1922"]
[BlackElo "1756"]
[PlyCount "92"]
[EventDate "2011.08.08"]
[EventType "swiss"]
[EventRounds "8"]
[EventCountry "RUS"]
[SourceTitle "EXT 2022"]
[Source "ChessBase"]
[SourceDate "2021.10.06"]
[SourceVersion "1"]
[SourceVersionDate "2021.10.06"]
[SourceQuality "1"]

1. d4 d5 2. c4 e6 3. Nc3 Nf6 4. cxd5 exd5 5. Bg5 Be7 6. Qc2 0-0 7. e3 c6 8. Bd3 h6 9. Bh4 Be6 10. Nf3 Nbd7 11. 0-0 Rc8 12. Rab1 c5 13. dxc5 Nxc5 14. Rfd1 Nxd3 15. Qxd3 Qa5 16. Nd4 Qd8 17. Nf5 Bxf5 18. Qxf5 Rc5 19. Bxf6 Bxf6 20. Nxd5 Kh8 21. e4 Re8 22. Qh5 Re5 23. Qxf7 Rxe4 24. Qxb7 Bd4 25. Ne3 Qe8 26. Qxa7 Bxe3 27. fxe3 Rc2 28. Rd4 Re7 29. Qb6 Kh7 30. Qb3 Qg6 31. Rg4 Qc6 32. Qd3+ g6 33. b4 Rd7 34. b5 Rc1+ 35. Rxc1 Qxc1+ 36. Qf1 Rd1 37. Rf4 Rxf1+ 38. Rxf1 Qxe3+ 39. Kh1 Qe2 40. Ra1 Qxb5 41. a4 Qb2 42. Rg1 Qa3 43. h3 Qxa4 44. Kh2 h5 45. Rf1 h4 46. Rf3 Qc2 1/2-1/2

[Event "Nizhnij Novgorod Cup of Nadezhda"]
[Site "Nizhnij Novgorod"]
[Date "2011.08.08"]
[Round "?"]
[White "Kalinin, Aleksey"]
[Black "Yatzenko, Anton"]
[Result "1-0"]
[WhiteElo "1922"]
[BlackElo "2365"]
[PlyCount "71"]
[EventDate "2011.08.08"]
[EventType "swiss"]
[EventRounds "8"]
[EventCountry "RUS"]
[SourceTitle "EXT 2022"]
[Source "ChessBase"]
[SourceDate "2021.10.06"]
[SourceVersion "1"]
[SourceVersionDate "2021.10.06"]
[SourceQuality "1"]

1. d4 d5 2. c4 Nc6 3. Nf3 Bg4 4. e3 e6 5. c5 e5 6. Qb3 Bxf3 7. Qxb7 Na5 8. Qa6 Bg4 9. Qxa5 e4 10. Bb5+ Bd7 11. Qa6 Ne7 12. Nc3 c6 13. Ba4 Rb8 14. 0-0 h5 15. f3 f5 16. fxe4 fxe4 17. Bb3 Qc7 18. Bd2 Bc8 19. Qa4 Bd7 20. Nxe4 Nf5 21. Nc3 Be7 22. e4 dxe4 23. Nxe4 Qb7 24. Rae1 Kd8 25. Ng5 Rf8 26. Ne6+ Bxe6 27. Bxe6 g6 28. Qa5+ Ke8 29. Bxf5 gxf5 30. Bg5 Rf7 31. Rxf5 Rxf5 32. Rxe7+ Qxe7 33. Bxe7 Rxb2 34. Qd8+ Kf7 35. Qf8+ Ke6 36. Qc8+ 1-0